000 00538cas a22001815a 4500
001 L138084
008 070515n xxkqr p 0 a0eng u
035 _a(Sirsi) u138084
041 0 _aeng
110 2 _aRoyal Institution of Chartered Surveyors
_bNorthern Ireland Branch
_91732
245 0 0 _aSurveylance
260 _aBelfast
_bRICS
_c[199?]-
362 0 _a(11) April 1997-Winter 2005
554 _aFour per year
651 4 _aNorthern Ireland
_y2002-2007
690 _aMANAGEMENT-BUSINESS MANAGEMENT-PROFESSIONAL PRACTICE
942 _n0
999 _c118954
_d118954